Ελληνική Γεωγραφία Α-Ω - Statistics

General Stats
  • This quiz has been taken 53 times
  • The average score is 21 of 24
Answer Stats
Γράμμα Ίχνος Απάντηση % Correct
Α Πρωτεύουσα της χώρας Αθήνα
98%
Β Χώρα στα βορειοανατολικά της Ελλάδας Βουλγαρία
98%
Ζ 3ο μεγαλύτερο νησί των Επτανήσων Ζάκυνθος
98%
Θ 2η μεγαλύτερη πόλη Θεσσαλονίκη
98%
Κ Μεγαλύτερο νησί Κρήτη
98%
Ξ Πόλη στα βορειοανατολικά της χώρας, το καρναβάλι της είναι ένα από τα πιο δημοφιλή στη χώρα Ξάνθη
98%
Λ Νησί της Σαπφώ Λέσβος
93%
Σ Αρχαία Πόλη, γνωστή για τους γενναίους στρατιώτες της Σπάρτη
93%
Γ Νοτιότερο νησί Γαύδος
91%
Η Πόλη απέναντι από τη Κέρκυρα Ηγουμενίτσα
91%
Ι Θάλασσα μεταξύ Ελλάδας και Ιταλίας {Ιόνιο} Πέλαγος
91%
Ν Πόλη της οποίας το λιοντάρι σκοτώθηκε από τον Ηρακλή, ως μέρος του 1ου του άθλου Νεμέα
91%
Ο Ψηλότερο σημείο της χώρας Όλυμπος
91%
Υ Μυθικό ον με εννέα κεφάλια, το οποίο σκότωσε ο Ηρακλής στον άθλο του Λερναία {Ύδρα}
91%
Μ Περιοχή του Βορρά και Αρχαίο Βασίλειο του Μέγα Αλέξανδρου Μακεδονία
88%
Δ Κάθε νομός αποτελείται από... Δήμοι
86%
Φ Διάσημο ελληνικό τυρί Φέτα
86%
Χ Πρωτεύουσα της Εύβοιας Χαλκίδα
86%
Τ Μεγαλύτερη λίμνη της χώρας Τριχωνίδα
81%
Ψ Νησί που υπέστησε μεγάλη καταστροφή κατά την ελληνική επανάσταση Ψαρά
79%
Ω Η πιο όμορφη γυναίκα της μυθολογίας, που η απαγωγή της άρχισε τον Τρωικό πόλεμο Ωραία Ελένη
79%
Ρ Οροσειρά μεταξύ Ελλάδας και Βουλγαρίας Ροδόπη
72%
Ε Νησί της Χαλκίδας και Ερέτριας Εύβοια
70%
Π Χερσόνησος στον νότο Πελοπόννησος
53%
No matching quizzes found
Score Distribution
Percent of People with Each Score
Percentile by Number Answered
Your Score History
You have not taken this quiz